000 00395nam a2200157Ia 4500
008 230312s9999||||xx |||||||||||||| ||und||
020 _a9788120329898
082 _a621.3
_bRAY-E
100 _aRay,Subir
245 0 _aElectrical Power Systems
260 _bPrentice Hall India
_aIndia
_c2007
300 _a646
546 _aEng.
650 _aEngineering
_vPower system,AC Circuits
942 _cBK
999 _c1472
_d1472